000
00280nam a22001337a 4500
020
_a
978-0132493840
041
_a
ENG
100
_a
Singh.V.P
245
_a
Elementary Hydrology
260
_a
Delhi
_b
Avi
_c
1998
300
_a
973
650
_a
SWCE ( 06 )
856
_u
SWCE ( 06 )
999
_c
2948
_d
2948